00799nam a22002057a 4500003000500000005001700005008004100022010001000063011001000073035001100083040000900094082001900103100003200122245015000154260007900304300003200383650002500415650005800440710009500498CHAP20220329143455.0091203s1987 mx a r 00010 spa d a97188 a98160 a108843 cCHAP04a591.5249bAc371 aAcevedo Hernandez, Antonio.10aManual de prácticas de laboratorio de la cátedra de parasitología y enfermedades parasitariasc/por Antonio Acevedo Hernández ...[et al.] aMéxico D.F. :bUNAM. Facultad de Medicina Veterinaria y Zootecnia,c1987 apaginación varia :bilus.14aAnimalesxParasitos.14aParasitología veterinariaxManuales de laboratorio.0 aUniversidad Nacional Autónoma de México. Facultad de Medicina Veterinaria y Zootecnia.